| 000 | 01070cac a22002531u 4500 | ||
|---|---|---|---|
| 008 | 080908s2008mau|||||r|||| 001 0 eng d | ||
| 010 | _a 2006102821 | ||
| 020 | _a9780071274227 | ||
| 020 | _a0071274227 | ||
| 082 | 0 | 0 |
_a658.1511 _bGAR _222 |
| 100 |
_aGarrison, Ray H. _912225 |
||
| 245 | 1 | 0 |
_aManagerial Accounting / _cRay H. Garrison, Eric W. Noreen, Peter C. Brewer. |
| 250 | _aInternational ed., 12th ed. | ||
| 260 |
_aBoston : _bMcGraw-Hill/Irwin, 2008 _cc2008. |
||
| 300 |
_axxi, 792 p. : _bcol. ill. ; _c29 cm. |
||
| 504 | _aIncludes bibliographical references and index. | ||
| 650 | 0 |
_aManagerial accounting. _912226 |
|
| 700 | 1 |
_aNoreen, Eric W. _912227 |
|
| 700 | 1 |
_912228 _aBrewer, Peter C. |
|
| 856 | 4 | 2 |
_3Publisher description _uhttp://www.loc.gov/catdir/enhancements/fy0705/2006102821-d.html |
| 856 | 4 | 2 |
_3Table of contents only _uhttp://www.loc.gov/catdir/enhancements/fy0705/2006102821-t.html |
| 856 | 4 | 2 |
_3Contributor biographical information _uhttp://www.loc.gov/catdir/enhancements/fy0737/2006102821-b.html |
| 942 |
_cBB _k658.1511 GAR _2ddc |
||
| 999 |
_c8023 _d8023 |
||